| 000 | 00734nam a2200205 a 4500 | ||
|---|---|---|---|
| 001 | 000007962 | ||
| 005 | 20200929154353.0 | ||
| 008 | 090914s1986 dr a 000 0 spa d | ||
| 040 |
_aDO-SdBNP _bspa _cBNPHU |
||
| 082 |
_a691 _bL869m |
||
| 100 | 1 |
_aLorenzo y C., José _921780 |
|
| 245 | 1 | 0 |
_aMateriales y detalles de construcción / _cJosé, Lorenzo y C. |
| 260 |
_aSanto Domingo, : _bBanco Nacional de la Vivienda (BNV) : Asociación Popular de Ahorros y Préstamos (APAP), _c1986. |
||
| 300 |
_a178 p. : _bil. ; _c28 cm. |
||
| 500 | _aIncluye notas al pie de las páginas | ||
| 504 | _aIncluye bibliografías (p. 178) | ||
| 650 | 4 |
_aMateriales de construccion _921781 |
|
| 650 | 4 |
_aDetalles arquitectónicos _921782 |
|
| 049 | _aBNPD | ||
| 999 |
_c7740 _d7740 |
||